| 000 | 00483nam a2200181 a 4500 | ||
|---|---|---|---|
| 005 | 20140310183453.0 | ||
| 008 | 090807s19uu xx 00 eng d | ||
| 020 | _a9789712721632 | ||
| 050 |
_aPN 1992.8.D6 _b.D44 2008 |
||
| 100 | _aDeocampo, Nick. | ||
| 245 |
_aSinegabay : _ba film study guide / _cNick Deocampo. |
||
| 260 |
_aManila : _bAnvil Publishing, _c2008. |
||
| 300 |
_a263 p. : _c23 cm. |
||
| 521 | _aMC | ||
| 650 | _aFilm. | ||
| 942 |
_cBK _2lcc _kLOC |
||
| 999 |
_c23509 _d23509 |
||